000 00374nam a2200133Ia 4500
005 20260326235444.0
008 260326s9999||||xx |||||||||||||| ||und||
100 _aMijares Bracho, Carlos
245 0 _aRamón Marcos :
_b Vida y Obra /
_cCarlos Mijares Bracho
260 _bUniversidad Nacional Autónoma de México
300 _a80 p.
650 _aARQUITECTOS
942 _cBK
999 _c7515
_d7515